| 000 | 00760nam a2200217 a 4500 | ||
|---|---|---|---|
| 001 | 14639 | ||
| 003 | CO-ViMGA | ||
| 008 | 141112s2004 ck r 000 u spa d | ||
| 020 | _a958918037X | ||
| 040 |
_aCO-ViMGA _bspa _cCO-ViMGA |
||
| 082 | 0 | 4 | _a986.1 M874m |
| 100 | 1 |
_aMurillo Posada, Amparo; Arcila Estrada, Maria Teresa; Alonso Espinal, Manuel Alberto _921357 |
|
| 110 |
_aInstituto Colombiano de AntropologĂa - Colcultura - PNR _921358 |
||
| 245 | 1 | 0 | _aUn mundo que se mueve como el rio |
| 260 | _aSta Fe de Bogotá .Editorial gente nueva.1994 | ||
| 300 | _a245.p.il. | ||
| 505 | _aEl Magdalena medio. - Pto Wilches. - Puerto Berrio. - Yondo. - San Pablo. - | ||
| 650 | 1 | 4 | _aCOLOMBIA - HISTORIA |
| 650 | 1 | 4 |
_aMAGDALENA MEDIO _921359 |
| 942 |
_2ddc _cBK |
||
| 999 |
_c25190 _d25190 |
||